| 000 | 02246nam a2200361Ia 4500 | ||
|---|---|---|---|
| 999 |
_c56281 _d56281 |
||
| 001 | 23394 | ||
| 003 | GE_BSU | ||
| 005 | 20251229183259.0 | ||
| 008 | 181216s1990||||ge |||||||||||||| ||geo|| | ||
| 040 | _cGE_BSU | ||
| 041 | _ageo | ||
| 080 | _a94(479.22)"1073-1125" + 929.731(479.22) + 338(479.22)(09) + 316.42(479.22) + 32(479.22) + 327(479.22) + 008(479.22)(09) მ-59 | ||
| 100 |
_aმეტრეველი, როინ _926622 |
||
| 245 |
_aდავით IV აღმაშენებელი : ეპოქის სოციალ.-ეკონ. და პოლიტ.-კულტ. ისტორიის მიმოხილვა / _cროინ მეტრეველი ; რედ.: ე. მესხი ; მხატვ.: შ.ნიორაძე. |
||
| 250 | _aმე-2 გამოცემა | ||
| 264 |
_aთბილისი : _bსაბჭოთა საქართველო. _c1990. |
||
| 300 |
_a368გვ. : _b8ფ.ილ. ; _c2სმ. |
||
| 500 | _aსაძიებლები : გვ. 351-366 | ||
| 520 | _aრეზიუმე რუსულ და ფრანგულ ენაზე | ||
| 541 | _h9ლ.20თ. | ||
| 653 | _aდავით IV აღმაშენებელი | ||
| 653 | _aეპოქის სოციალ.-ეკონ. და პოლიტ.-კულტ. ისტორიის მიმოხილვა | ||
| 653 | _aსაქართველოს ისტორია, XI-XII ს.ს. | ||
| 653 | _a საქართველოს სოციალ-ეკონომიკური განვითარება | ||
| 653 | _a საქართველოს ეკონომიკის ისტორია | ||
| 653 | _a საქართველოს საგარეო პოლიტიკა | ||
| 653 | _a ქართული კულტურის ისტორია | ||
| 653 | _aქართული კულტურის ისტორია | ||
| 653 | _aსაქართველოს ისტორია | ||
| 700 |
_aმესხი, ე. _eრედაქტორი _93902 |
||
| 700 |
_aიორაძე, შ. _eმხატვარი _926623 |
||
| 942 |
_cBK _2udc |
||